Bifurcation and chaos in simple dynamical systems /
Guardado en:
| Autor Principal: | |
|---|---|
| Formato: | Libro |
| Idioma: | English |
| Publicado: |
Singapore :
World Scientific,
c1989.
|
| Materias: | |
| Etiquetas: |
Agregar Etiqueta
Sin Etiquetas, Sea el primero en etiquetar este registro!
|
| LEADER | 00788pam a2200229 a 4500 | ||
|---|---|---|---|
| 001 | MAT.inmabb004051 | ||
| 008 | 890727s1989####si#a#####b####001#0#eng## | ||
| 005 | 20130402170836.0 | ||
| 245 | 1 | 0 | |a Bifurcation and chaos in simple dynamical systems / |c J. Awrejcewicz. |
| 260 | |a Singapore : |b World Scientific, |c c1989. | ||
| 300 | |a viii, 126 p. : |b il. ; |c 23 cm. | ||
| 504 | |a Incluye referencias bibliográficas (p. 115-120) e índice. | ||
| 510 | 4 | |a MR, |c 91k:58091 | |
| 020 | |a 9810200382 | ||
| 100 | 1 | |a Awrejcewicz, J. |q (Jan) | |
| 650 | 0 | |a Bifurcation theory. | |
| 650 | 0 | |a Chaotic behavior in systems. | |
| 650 | 0 | |a Boundary value problems |x Numerical solutions. | |
| 084 | |a 37G15 (37D45) |2 msc2000 | ||
| 010 | |a 89022433 | ||
| 040 | |a DLC |c DLC |d DLC | ||
| 859 | |h 37 |i Aw967 |p A-8364 |b BIB. MATEMATICA | ||
